1662 1166 1915 1926 1064 1542 1739 1704 1290 1512 1595 1957 1255 1658 1769 1157 1259 1657 1964 1383 1730 1285 1788 1965 1464 1106 1083 1384 1760 1274 1649 1959 1755 1081 1198 1746 1389 1397 1021 1255 1839 1544 1424 1260 1970 1713 1967 1526 1286 1439 1071 1412 1217 1636 1170 1724 1252 1931 1196 1861 1726 1784 1243 1413 1918 1013 1037 1449 1233 1493 1977 1413 1485 1906 1534 1847 1339 1951 1942 1112 1216 1848 1551 1508 1381 1188 1217 1587 1944 1383 1257 1738 1861 1179 1052 1661 1417 1522 1805 BCNSPRNW ULIB Ver.6.0+V

เปลี่ยนเป็นภาษาไทย

Change to English
 แสดงรายละเอียดบรรณานุกรม
  กลับหน้าหลัก

Brief Record : Get Marc (ISO 2709) : E-mail record : QR code < ปิดหน้าต่าง
LEADER : 00000nam 2200000uu 4500
001    13399120185
003     ULIB
008    120911s2546||||th 000 0 tha d
020    ^a9745718823
060 04 ^aQS504^bก768จ 2546
100 0  ^aเกล็ดแก้ว ด่านวิวัฒน์
245 10 ^aจุลกายวิภาคศาสตร์ /^cเกล็ดแก้ว ด่านวิวัฒน์
250    ^aพิมพ์ครั้งที่ 1
260    ^aกรุงเทพฯ :^bสำนักพิมพ์มหาวิทยาลัยธรรมศาสตร์,^c2546
300    ^a11, 244 หน้า :^bภาพประกอบ ;^c27 ซม.
650  7 ^aจุลกายวิภาคศาสตร์
945    ^p420^l0^i19872
995    ^aวิภา
999    ^aใช้งานได้ทุกระบบ
รายการนี้ยังไม่มีแท็ก
คุณยังไม่ได้ล็อกอิน คุณสามารถมีกิจกรรมร่วมกับเว็บไซต์ได้ แต่ต้องล็อกอินก่อน ::
  ล็อกอิน

รายการสื่อสารสนเทศ

ลำดับที่ ประเภท เลขเรียก/บาร์โค้ด สถานที่ สถานะ
1. วิทยาศาสตร์การแพทย์ และสุขภาพ
วิทยาศาสตร์การแพทย์ และสุขภาพ
QS504 ก768จ 2546  
  Barcode: 19872
ห้องสมุดวิทยาเขตสวรรค์ประชารักษ์
►นวนิยาย
บนชั้น
  ขอยืม

รายการใกล้เคียง
    ผู้แต่ง [เกล็ดแก้ว ด่านวิวัฒน์]

    หัวเรื่อง [จุลกายวิภาคศาสตร์]

BibComment


ยังไม่เคยถูกคอมเมนท์

คอมเมนท์ทรัพยากรรายการนี้
  คอมเมนท์: จุลกายวิภาคศาสตร..


 Copyright 2026. Bcnsprnw @Library